000 00363cam a2200145ua 4500
041 _aeng
_h
082 _a823.301
_bURW/HU
100 _aUrwin, G G .
245 _aHumourists of the eighteenth century /
_cG G Urwin.
_hTextual Documents
260 _aLondon :
_bJohn Murray ,
_c1962.
300 _a336 ; .
504 _a
942 _cBK
999 _c12543
_d12543